Statistiken für Alle Brawl Stars Modi

Klicken Sie hier um das Quiz zu spielen!

Allgemein

  • Dieses Quiz wurde 131 mal gespielt
    (72 seit der letzten Aktualisierung)
  • Das Durchschnittsergebnis liegt bei 13 aus 32

Antwortstatistiken

Spielmodi% Korrekt
Showdown (Solo)
97%
Brawlball
95%
Knockout
90%
Juwelenjagd
84%
Tresorraub
84%
Showdown+
82%
Showdown (Duo)
82%
Kopfgeldjagd
74%
Basketbrawl
69%
Eliminierung
67%
Hotzone
66%
Duelle
62%
Roborumble
51%
Bosskampf
49%
Volleybrawl
39%
Alle gegen Einen
38%
Godzilla Smash
31%
Belagerung
30%
Trophäenflucht
23%
Geschenkeraub
21%
Super City Chaos
18%
Takedown
11%
Jäger
10%
Trophäenraub
10%
Eskorte
7%
Kürbisraub
5%
Starkampf
3%
Bot Drop
0%
Graveyard Shift
0%
Letztes Gefecht
0%
Top Dog
0%
Trophäendiebe
0%

Verteilung der Resultate

Perzentil nach korrekt beantworteten Fragen

Anzahl Personen mit jedem Resultat

Ihre Resultats-Entwicklung

Sie haben dieses Quiz seit der letzten Aktualisierung nicht gespielt